000 00607nam a2200181Ia 4500
008 151202s9999||||xx |||||||||||||| ||und||
082 _bPNVM-47050
100 _aसुर्वे रसिका संजय.
245 _aसमर्पण.
260 _b"साहित्य कलायात्री प्रकाशन,पुणे."
260 _c2000
300 _a65
600 _aसुर्वे रसिका संजय.
630 _aसमर्पण.
700 _aसुर्वे रसिका संजय.
730 _aसमर्पण.
942 _cBOOK
999 _c1313000
_d1312997